Manuel de l'eneseignement primaire pédagogie théorique et pratique / par Eugène Rendu inspecteur général honoraire de l'instruction publique, ancien président de délégation cantonale, etc. (Ouvrage couronné par l'Académie des Sciences morales et politiques)

Detalles Bibliográficos
Autor principal: Rendu, Eugène
Otros Autores: Trouillet, A.
Formato: Libro
Lenguaje:French
Publicado: Paris : librairie Hachette et cie., 79, Boulevard Saint-Germain, 79, 1881.
Materias:
Colección:Banco de datos
Acervo:Universidad Autónoma Benito Juárez de Oaxaca. Biblioteca Francisco de Burgoa. Colección histórica
Descripción Física:XV, 601 p. ; 21 cm.
Tema general:Enseñanza
Notas:Portada tipográfica con pleca. Texto a renglón seguido con paginación en números arábigos y romanos, notas a pie de página, cornisas y signaturas. Propiedad intelectual: 1561-80. Corbeil.- Typ. et stér. Créte. Encuadernación en cartón con lomo en piel. Rúbrica de A. Valdivieso
LEADER 01360nam a22002050004500
035 |a 5198 
041 0 |a fre 
100 1 |a Rendu, Eugène 
245 1 0 |a Manuel de l'eneseignement primaire pédagogie théorique et pratique / par Eugène Rendu inspecteur général honoraire de l'instruction publique, ancien président de délégation cantonale, etc. (Ouvrage couronné par l'Académie des Sciences morales et politiques) 
260 |a Paris : librairie Hachette et cie., 79, Boulevard Saint-Germain, 79, 1881. 
300 |a XV, 601 p. ; 21 cm. 
500 |a Portada tipográfica con pleca. Texto a renglón seguido con paginación en números arábigos y romanos, notas a pie de página, cornisas y signaturas. Propiedad intelectual: 1561-80. Corbeil.- Typ. et stér. Créte. Encuadernación en cartón con lomo en piel. Rúbrica de A. Valdivieso  
504 |a Al pirncipio de la obra está el catálogo de publicaciones en venta de la casa impresora 
504 |a Al final de la obra están el índice de materias y el apéndice 
650 1 0 |a Enseñanza 
700 1 |a Trouillet, A. 
852 |a Universidad Autónoma "Benito Juárez" de Oaxaca, Biblioteca Francisco de Burgoa, Colección histórica 24279 
942 |c BURHIS 
943 |g Universidad Autónoma Benito Juárez de Oaxaca. Biblioteca Francisco de Burgoa. Colección histórica 
999 |c 1124041  |d 1124041